Nekompromisní. 1. díl série, Konflikt /
Mafiánská romance je příběhem o muži, který odcestuje na americký kontinent, aby se zde v duchu nepsaných zákonů oženil s dcerou důležitého obchodního partnera a posílil tak soudržnost a provázanost rodinných klanů.
Uloženo v:
| Série: | Nekompromisní,
část 1 |
|---|---|
| Hlavní autor: | |
| Další autoři: | |
| Médium: | E-kniha |
| Jazyk: | Czech |
| Vydáno: |
Praha :
Dobrovský s.r.o.,
2023
|
| Edice: | Red
|
| Témata: | |
| Příbuzné jednotky: | Z cyklu::
Nekompromisní |
| Tagy: |
Žádné tagy |
| LEADER | 02498nam a2200469 i 4500 | ||
|---|---|---|---|
| 001 | 311981 | ||
| 003 | CZ PrSKC | ||
| 005 | 20260601215715.0 | ||
| 007 | ta | ||
| 008 | 230711s2023 xr g 000 f cze | ||
| 015 | |a cnb003532926 | ||
| 020 | |a 9788027712441 |q (brožováno) | ||
| 035 | |a (OCoLC)1393198879 | ||
| 040 | |a ABG001 |b cze |d ABA001 |e rda | ||
| 041 | 1 | |a cze |h slo | |
| 072 | 7 | |a 821.162.4 |x Slovenská literatura |2 Konspekt | |
| 080 | |a 821.162.4-31 |2 MRF | ||
| 080 | |a (0:82-312.5) |2 MRF | ||
| 100 | 1 | |a Brnková, Michaela |7 ola20221167625 |4 aut | |
| 240 | 1 | 0 | |a Konflikt. |l Česky |
| 245 | 1 | 0 | |a Nekompromisní. |n 1. díl série, |p Konflikt / |c Michaela Brnková ; přeložila Kateřina Sýkorová |
| 246 | 3 | 0 | |a Konflikt |
| 264 | 1 | |a Praha : |b Dobrovský s.r.o., |c 2023 | |
| 300 | |a 279 stran ; |c 20 cm | ||
| 336 | |a text |b txt |2 rdacontent | ||
| 337 | |a bez média |b n |2 rdamedia | ||
| 338 | |a svazek |b nc |2 rdacarrier | ||
| 490 | 1 | |a Red | |
| 500 | |a Přeloženo ze slovenštiny | ||
| 520 | 2 | |a Mafiánská romance je příběhem o muži, který odcestuje na americký kontinent, aby se zde v duchu nepsaných zákonů oženil s dcerou důležitého obchodního partnera a posílil tak soudržnost a provázanost rodinných klanů. |b Nerovi domluvený sňatek v podstatě nevadí. Stejně si bude dál dělat, co bude chtít, a ta žena, kterou ani nezná, se s tím prostě bude muset smířit. Eileen se svým permanentním úsměvem se na takovou roli zjevně bude dokonale hodit. I pro ni jde jen o byznys, o spojení dvou spřátelených mafiánských rodin. Jenže ne všechno půjde podle plánů a na snoubence čeká spousta nemilých překvapení... Nakladatelská anotace. | |
| 655 | 7 | |a slovenské romány |7 fd133450 |2 czenas | |
| 655 | 7 | |a milostné romány |7 fd132840 |2 czenas | |
| 655 | 9 | |a Slovak fiction |2 eczenas | |
| 655 | 9 | |a love novels |2 eczenas | |
| 700 | 1 | |a Sýkorová, Kateřina, |d 1994- |7 jo20231203522 |4 trl | |
| 787 | 0 | 8 | |i Z cyklu: |t Nekompromisní |g 1 |
| 830 | 0 | |a Red | |
| 900 | |a ABA001 |b 21 | ||
| 044 | |a xr | ||
| 910 | |a RBIT002 | ||
| 998 | |d 380012 |a https://core.palmknihy.cz/api/books/380012/cover?rxpz3o |b https://core.palmknihy.cz/api/books/380012/cover/400?rxpz3o |c https://core.palmknihy.cz/api/books/380012/cover/50?rxpz3o |e 2026-12-21 |g 288 |i 9788027712441 |j https://core.palmknihy.cz/api/books/380012/preview.epub |k https://core.palmknihy.cz/api/books/380012/preview.pdf |l |q 49 |r 1 |s https://www.palmknihy.cz/kniha/380012 |t ebook |y 2023 |z 0 |v Nekompromisní |w 1 | ||
| 999 | |d 311979 | ||